zpět

Detail výsledku týmu

Kentaur ST, Brno

Datum a čas kvízu

29.5 Celkem bodů Celkový počet nahraných bodů na tomto kvízu bez doplňovacích otázek.
5. Pořadí na kvízu Konečné umístění týmu na tomto kvízu.

Zaznamenané odpovědi

# Otázka Odpověď Body Výsledky
1. Poslanci jedné parlamentní str... 1
2. Jisté velké německé město svým... 1
3. Minulou středu byla ve Valašsk... 1
4. Pouze dva obžalovaní stanuli v... 0
5. Útočník Komety Martin Erat vst... 1
22. Tento živočich z řádu krokodýl... 0
23. Několik druhů chameleonů (např... 0
24. Jak se nazývá tento živočich?... 1
25. Kteří dva herci ztvárnili dvě... 1
10. Bývalý předseda slovenské vlád... 0